01523cam a22004094i 4500003000900000005001700009008004100026020001500067035002700082035002100109040003300130082001900163100003100182245008700213264005600300300003800356336002100394337002500415338002300440490003600463504002700499505039200526526001000918526001000928526001000938526001000948526000800958526000800966526000800974526000800982526000800990526000800998526000801006541001601014630003501030630004801065PE-LiUPU20250731173345.0150706s r 000 0 d a0567040518 a(Sirsi) i9780567040510 a(OCoLC)949177236 aPE-LiUPUbspacPE-LiUPUerda04a226.5bH222211 aHarris, Elizabeth,eautor.10aPrologue and gospel :bthe theology of the fourth evangelist /cHarris, Elizabeth. 1aLondon, New York :bT&T Clark International,c2004. a215 páginas ;c22 centímetros atext2rdacontent aunmediated2rdamedia avolume2rdacarrier0 aT & T Clark Academic Paperbacks aIncluye biliografía.0 aThe relation of the prologue to the rest of the Gospel -- John and his Witness -- Moses -- The difficulties for the translator of John 1.18 -- Christological expressions in the fourth Gospel: The Son of Man -- Christological expressions in the fourth Gospel -- Christological expressions in the fourth Gospel: The son (of God) -- The final days in Jerusalem of the logos, Jesus Christ. aSEG42 aSEG41 aSEG40 aSEG39 aP94 aP87 aP86 aP85 aP77 aP76 aP35 g48101-1479; aBiblia.pN.T.pJuanxTEOLOGIA. aBiblia.pN.T.pLitertura juaninaxTEOLOGIA.